Normal view
MARC view
- فلسطين- تاريخ- قرى فلسطين- الرملة- فلسطين
Entry Topical Term
001 - CONTROL NUMBER
- control field: 13209
003 - CONTROL NUMBER IDENTIFIER
- control field: JO-AjAnu
005 - DATE AND TIME OF LATEST TRANSACTION
- control field: 20230606072419.0
008 - FIXED-LENGTH DATA ELEMENTS
- fixed length control field: 230606|| aca||aabn | a|a d
040 ## - CATALOGING SOURCE
- Original cataloging agency: JO-AjAnu
- Transcribing agency: JO-AjAnu
150 ## - HEADING--TOPICAL TERM
- Topical term or geographic name entry element: فلسطين- تاريخ- قرى فلسطين- الرملة- فلسطين
670 ## - SOURCE DATA FOUND
- Source citation: Work cat.: (JO-AjAnu)6795: تاليف الهندي، عاني علي, author 13208, القباب من ذاكرة الشيوخ إلى قلوب الشباب